| 000 | 00634nam a22001817a 4500 | ||
|---|---|---|---|
| 999 |
_c18559 _d18559 |
||
| 003 | AR-CdUCM | ||
| 008 | 190514b ||||| |||| 00| 0 spa d | ||
| 040 |
_aMUNICIPALIDAD PROVINCIAL DEL CUSCO _cBIBLIOTECA MUNICIPAL DEL CUSCO |
||
| 082 |
_a977.3 / _bS18 |
||
| 110 |
_aFundación Fernando Velasco _939211 |
||
| 245 | _aEl Salvador al filo de la esperanza / | ||
| 260 |
_aRiobamba : _bCeladec, _c1981. |
||
| 300 |
_a111 páginas : _c20 cm. |
||
| 505 | _aCon el poder represor -- La fe cristiana hoy en el Salvador -- Semblanzas de los mártires Salvadoreños... | ||
| 650 |
_aSalvador. _939212 |
||
| 942 |
_2ddc _cLIBROS |
||
| 945 | _awfj | ||